00682cam a22002291 4500001001300000003000400013005001700017008004100034010001700075025001800092035001800110040002500128042001200153050001900165100002000184245004800204260005000252300004300302504004700345504002800392600003200420he 67001553 DLC20260227111448.0730322s1966 is cgh b 000 0beng  ahe 67001553  aPL480:Is-4690 a(OCoLC)585992 aDLCcOCUdOCoLCdDLC apremarc00aML410.A164bM61 aModdel, Philip.00aJoseph Achron.cForeword by Alfred Sendrey. aTel Aviv,bIsraeli Music Publications,c1966. a80 p.bfacsims., music, ports.c24 cm. a"Catalogue of Achron's works": p. [63]-72. aBibliography: p. 73-74.10aAchron, Joseph,d1886-1943.